000
00305nam a2200133 a 4500
001
5206
003
CDMR
005
20130724124913.0
008
130130s1971||||||||||||||||||||||||||||d
040
_a
CDMR
_b
cat
_c
CPC GIRONA
245
0
_a
Massius y Pressus
_c
Soro
260
_c
1971
_b
Nova Terra
942
_c
MON
_2
udc
999
_c
5206
_d
5206